000 00626nam a2200229Ia 4500
003 OSt
005 20221007070222.0
006 a|||||r|||| 00| 0
007 ta
008 221006b |||||||| |||| 00| 0 eng d
024 _a19,558
037 _cTextual
040 _aFLL
_cFLL
_beng
041 _2eng
_aeng
082 _aZ1:3oVIN, J8
100 _aSchneider J.W.
_9687260
245 0 _aTreaty-making power of international organizations
260 _aGeneva
_bLibrairie droz Geneva
_c1958
300 _a150p
_ccm.
942 _hZ1:3oVIN, J8
_cTEXL
_2CC
999 _c1139845
_d1139845